| 000 | 00524nam a22001817a 4500 | ||
|---|---|---|---|
| 008 | 150520b xxu||||| |||| 00| 0 eng d | ||
| 020 | _a9780073379937 | ||
| 041 | 0 | _aeng | |
| 080 | _a343 | ||
| 100 | 1 | _aBohm, Robert M. | |
| 245 | 1 | 0 |
_aIntroduction to criminal justice / _cRobert M. Bohm, Keith N. Haley. |
| 250 | _a5th ed. | ||
| 260 |
_aBoston : _bMcGraw-Hill Higher Education, _cc2008. |
||
| 300 |
_a1 v. (various pagings) : _bme il.; _c29 cm. |
||
| 650 | 0 | _aE drejta Penale | |
| 700 | 1 | _aHaley, Keith N. | |
| 942 |
_2udc _cBK |
||
| 999 |
_c846 _d846 |
||